000 00940nam a2200265Ia 4500
003 GCL
005 20240530095559.0
008 140319s9999 xx 000 0 ara d
020 _a3635800977
040 _aGCL /
_cGCL
082 0 4 _a338.47910962
_bق/ف ت
100 1 _aفتحى محمد مصيلحى
245 1 0 _aالتنمية السياحية فى مصر :
_bمن منظور جغرافى وتخطيطي /
_cفتحى محمد مصيلحى
250 _aالاولى
260 _aالقاهرة :
_bمكتبة النهضة المصرية ،
_c2004
300 _a492 ص ؛
_c24 سم
650 0 4 _aالسياحة والدولة
650 0 4 _aالسياحة - اقتصاديات
650 0 4 _aالسياحة العلاجية
650 0 4 _aالتنمية السياحية
650 0 4 _aمرسى مطروح
650 0 4 _aالتنمية السياحية - مصر
700 1 _aماجدة محمد جمعة
942 _2ddc
_cBK
999 _c8552
_d8552